000 00782nam a2200205 a 4500
001 001058293
003 AM-YeHGA
005 20250617151104.0
008 150209s1919 ||| r 000 0 rus d
040 _aAM-YeHGA
041 0 _arus
100 1 _aПавлов-Сильванский, Николай Павлович
245 1 0 _aПавел Иванович Пестель :
_bБиографический очерк /
_cН.П. Павлов-Сильванский.
260 _aПетроград :
_bГосиздат,
_c1919.
300 _a31 с. :
_bпортр.
440 0 _aИсторико-революционная б-ка
650 1 4 _aПестель, Павел Иванович
_d1793-1826
653 0 _aДекабристы - Биографии
090 _c346145
999 _c344347
_d344347